000 00305nam a22001337a 4500
082 _a894.812
_bEMM/O
100 _aEMMATTY, GEORGE
245 _a111 BALAKATHAKAL
250 _a5
260 _aTHRISSUR
_bH&C PUBLISHING HOUSE
_c2007
300 _a111
650 _aMALAYALAM SHORT STORY
_zKERALA
942 _cBK
999 _c1335
_d1335